Datum a čas kvízu
41.5
Celkem bodů
Celkový počet nahraných bodů na tomto kvízu bez doplňovacích otázek.
1.
Pořadí na kvízu
Konečné umístění týmu na tomto kvízu.
Zaznamenané odpovědi
| # | Otázka | Odpověď | Body | Výsledky |
|---|---|---|---|---|
| -14. | Premiér Petr Fiala navštívil m... | Polska, Slovinka | 1 | |
| -13. | Tykání, vulgarismy i neschopno... | jel na kole po magistrále | 1 | |
| -12. | V hokejové extralize začínají... | 1A 2D 3C 4B | 1 | |
| -11. | V modrožlutých ukrajinských ba... | v Bruselu | 1 | |
| -10. | V jednatřiceti letech končí sv... | Eva Puskarčíková | 1 | |
| 1. | Abychom se mohli ohřát u ohně,... | 1B 2A 3D 4C | 0 | |
| 2. | Firework, tedy Ohňostroj, je h... | D | 1 | |
| 3. | Olympijský oheň je jedním ze z... | B | 0 | |
| 4. | Pták Ohnivák je slavný pohádko... | C | 0 | |
| 5. | Ohňová země je souostroví u ji... | C | 1 |